Sanat - "Moottoritie on kuuma" - Pelle Miljoona - Statistics

Yleistilastot
  • Tätä visaa on pelattu 254 kertaa
  • Keskiarvotulos 94 / 155
Vastaustilastot
Sanat % Oikein
Kuu
97%
moottoritie
97%
on
97%
on,
97%
95%
ja
94%
kuuma.
94%
mut
94%
Sisko
94%
mutta
93%
tahtoisin
92%
Tahtoisin
92%
jäädä,
90%
mulle
83%
maailma
80%
odottaa,
80%
80%
huutaa.
79%
valot
79%
totta,
77%
ole
76%
tämän
76%
yön
75%
kanssas
74%
Kaupunkien
74%
laiva
73%
olet
73%
selittää,
73%
lyö.
72%
sydän
72%
unelmaa
72%
jakaa
71%
liikaa
71%
jo
54%
olen
52%
levoton.
49%
en
44%
Maailman
44%
liian
43%
niin
43%
ruosteenpunainen,
43%
Kun
42%
kun
42%
kuulemma
42%
surullinen.
42%
voimakas
42%
ääni
40%
Ei
37%
sen
35%
Tahdon
35%
lähteä
33%
nähdä
33%
lentää,
31%
savua
31%
seurattava
31%
tähteä.
31%
tahtoo
31%
asfalttia.
30%
näen
30%
selkään.
30%
tuulen
30%
usko
30%
Aallot
29%
jossain
29%
kuin
29%
mitään
29%
nousta
29%
omilla
29%
ennen
28%
korkeat,
28%
silmilläin
28%
tulen
28%
tuulet
28%
kuuskyt
27%
haistelen
26%
jonka
26%
metriä
26%
samettia
26%
sulle
26%
tulessa.
26%
Vaikka
26%
sylisi
25%
pakottaa,
24%
Rintaa
24%
suuttuvat.
24%
tuoksuu
24%
elämä
23%
itseäni
23%
itsestäni.
23%
Lähden
23%
tuon
23%
tuulessa
23%
ehkä
22%
etsimään
22%
lahjaksi
22%
oikein
22%
syvältä
22%
ainiaaksi.
21%
löydän
21%
maailmalle
20%
korvissa,
19%
soi
19%
Ehtoja vastaavia visoja ei löytynyt
Tulosjakauma
Jokaisen tuloksen saaneiden osuus
Persentiili vastausten määrän mukaan
Tuloshistoriasi
Et ole pelannut tätä visaa